000 00255nam a2200085Ia 4500
008 170620s9999 xx 000 0 und d
100 _aPathak- P. D. (Hindi)
245 0 _aBharitya Shaiksha ke Aayog- Kothari kamishan sahit (Hindi)
260 _bAgra- Vinod Pustak Mandir
260 _c2007
999 _c24907
_d24907